Statistics for Mississippi Senators by Picture

Click here to take the quiz!

General Stats

  • This quiz has been taken 3 times
  • The average score is 4 of 32

Answer Stats

Answer% Correct
Roger F. Wicker
100%
Trent Lott
100%
Cindy Hyde-Smith
50%
Thad Cochran
50%
Albert G. Brown
50%
John Sharp Williams
50%
Hernando Money
0%
John C. Stennis
0%
Wall Doxey
0%
James Eastland
0%
Theodore G. Bilbo
0%
Hubert D. Stephens
0%
Pat Harrison
0%
James K. Vardaman
0%
LeRoy Percy
0%
William V. Sullivan
0%
Walter Leake
0%
David Holmes
0%
Anselm J. McLaurin
0%
James Z. George
0%
Lucius Q.C. Lamar
0%
Blanche Bruce
0%
James L. Alcorn
0%
Adelbert Ames
0%
Hiram Rhodes Revels
0%
John J. McRae
0%
Henry S. Foote
0%
Jefferson Davis
0%
Robert J. Walker
0%
John Black
0%
George Poindexter
0%
Edward C. Walthall
0%

Score Distribution

Percentile by Number Answered

Percent of People with Each Score

Your Score History

You have not taken this quiz